Normal view
MARC view
- Political geography
Entry Topical Term
001 - CONTROL NUMBER
- control field: 33745
003 - CONTROL NUMBER IDENTIFIER
- control field: NUST
005 - DATE AND TIME OF LATEST TRANSACTION
- control field: 20201020150238.0
008 - FIXED-LENGTH DATA ELEMENTS
- fixed length control field: 201020|| aca||aabn | a|a d
040 ## - CATALOGING SOURCE
- Original cataloging agency: NUST
- Transcribing agency: NUST
150 ## - HEADING--TOPICAL TERM
- Topical term or geographic name entry element: Political geography
670 ## - SOURCE DATA FOUND
- Source citation: Work cat.: (NUST)691: Massey, Doreen B. 33059, For space /, 2005.
